[Event "SVK-ch U10"]
[Site "Tatralandia"]
[Date "2025.05.16"]
[Round "7"]
[White "Olejnik, Frederik"]
[Black "Simonov, Timotej"]
[Result "1-0"]
[WhiteElo "1833"]
[BlackElo "1122"]
[PlyCount "59"]
[EventDate "2025.05.11"]
[EventType "swiss"]
[EventRounds "9"]
[EventCountry "SVK"]
[SourceTitle "CB21_2025"]
[SourceDate "2025.05.21"]
[SourceVersion "1"]
[SourceVersionDate "2025.05.21"]
[SourceQuality "1"]

1. e4 e6 2. d4 d5 3. Nc3 dxe4 4. Nxe4 Be7 5. Nf3 Nf6 6. Bd3 0-0 7. Nxf6+ Bxf6 8. 0-0 Nc6 9. Be3 b6 10. c3 Bb7 11. Be4 Na5 12. Bc2 Nc4 13. Qd3 g6 14. Qxc4 Bd5 15. Qe2 Bg7 16. Rfe1 h6 17. Qd2 g5 18. Qd3 f5 19. Nd2 Bb7 20. f3 Qe7 21. Bf2 Rf6 22. Re2 a5 23. Bb3 Ba6 24. Bc4 b5 25. Bxb5 Bb7 26. Bc4 Rd8 27. Rae1 Rd6 28. d5 Bc8 29. Bc5 Rxd5 30. Bxe7 1-0

[Event "SVK-ch U10"]
[Site "Tatralandia"]
[Date "2025.05.15"]
[Round "6"]
[White "Simonov, Timotej"]
[Black "Haas, Timur"]
[Result "1-0"]
[WhiteElo "1122"]
[BlackElo "1374"]
[PlyCount "75"]
[EventDate "2025.05.11"]
[EventType "swiss"]
[EventRounds "9"]
[EventCountry "SVK"]
[SourceTitle "CB21_2025"]
[SourceDate "2025.05.21"]
[SourceVersion "1"]
[SourceVersionDate "2025.05.21"]
[SourceQuality "1"]

1. d4 d5 2. c4 Nf6 3. Nc3 e6 4. Nf3 Be7 5. Bg5 h6 6. Bh4 0-0 7. e3 Ne4 8. Nxe4 dxe4 9. Bxe7 Qxe7 10. Nd2 f5 11. Be2 b6 12. 0-0 Bb7 13. Qc2 c5 14. Rad1 Nc6 15. Qc3 Na5 16. f3 cxd4 17. exd4 Qg5 18. b4 Nc6 19. d5 Nd8 20. fxe4 exd5 21. cxd5 Rc8 22. Qd4 b5 23. Bxb5 fxe4 24. Rxf8+ Kxf8 25. Nxe4 Qg6 26. Nc5 Ba8 27. Rf1+ Kg8 28. Nd7 Ne6 29. Qe5 Rc2 30. g3 h5 31. Qb8+ Kh7 32. Qxa8 Nf4 33. Nf8+ Kh6 34. Nxg6 Nh3+ 35. Kh1 Kxg6 36. Qe8+ Kg5 37. Qe5+ Kg4 38. Qf5# 1-0

[Event "SVK-ch U10"]
[Site "Tatralandia"]
[Date "2025.05.13"]
[Round "3"]
[White "Simonov, Timotej"]
[Black "Belovic, Samuel"]
[Result "0-1"]
[WhiteElo "1122"]
[BlackElo "1598"]
[PlyCount "68"]
[EventDate "2025.05.11"]
[EventType "swiss"]
[EventRounds "9"]
[EventCountry "SVK"]
[SourceTitle "CB21_2025"]
[SourceDate "2025.05.21"]
[SourceVersion "1"]
[SourceVersionDate "2025.05.21"]
[SourceQuality "1"]

1. d4 c6 2. Bf4 d5 3. Nf3 Bf5 4. Nbd2 Nf6 5. e3 Nbd7 6. c4 e6 7. Rc1 Be7 8. Qb3 Qb6 9. cxd5 exd5 10. Ne5 0-0 11. Bg5 c5 12. Nxd7 Bxd7 13. dxc5 Qc7 14. Bxf6 Bxf6 15. Qxd5 Be6 16. Qf3 Bxb2 17. Rc2 Ba3 18. Be2 Qa5 19. 0-0 Bxc5 20. Ne4 Be7 21. Bd3 Rfd8 22. Rd1 Qa4 23. Rcd2 Bb4 24. Rb2 Bc4 25. Nf6+ gxf6 26. Qg4+ Kh8 27. Qxc4 Qxd1+ 28. Bf1 a5 29. Qxf7 Qd6 30. Rb3 Qf8 31. Qxb7 Rab8 32. Qe4 Rd1 33. Qf5 Rc8 34. g3 Rcc1 0-1

[Event "SVK-ch U10"]
[Site "Tatralandia"]
[Date "2024.04.07"]
[Round "4"]
[White "Simonov, Timotej"]
[Black "Kucak, Matus"]
[Result "0-1"]
[WhiteElo "1000"]
[BlackElo "1000"]
[PlyCount "110"]
[EventDate "2024.04.05"]
[EventType "swiss"]
[EventRounds "9"]
[EventCountry "SVK"]
[SourceTitle "CBM 219 Extra"]
[Source "ChessBase"]
[SourceDate "2024.05.31"]
[SourceVersion "1"]
[SourceVersionDate "2024.05.31"]
[SourceQuality "1"]

1. d4 d5 2. Bf4 Nf6 3. e3 Nc6 4. Bd3 e6 5. Nf3 Bd6 6. Bg3 Qe7 7. 0-0 e5 8. dxe5 Nxe5 9. Nxe5 Bxe5 10. Bxe5 Qxe5 11. c3 Ng4 12. f4 Qxe3+ 13. Kh1 Nf2+ 14. Rxf2 Qxf2 15. Nd2 Qe3 16. Nb3 Qxf4 17. Rc1 Bg4 18. Qe1+ Be6 19. Nc5 Qd6 20. Nxb7 Qb6 21. Bf5 Kd7 22. Bxe6+ fxe6 23. Qf1 Rhf8 24. Qe2 Qxb7 25. Re1 Rae8 26. Rd1 c6 27. Qe5 Qc7 28. Qxg7+ Kd8 29. Qg5+ Qe7 30. Qg3 Qc7 31. Qg5+ Kc8 32. g3 Rg8 33. Qh4 Qf7 34. Qd4 Rgf8 35. Kg1 e5 36. Qd2 a6 37. Qe2 Qa7+ 38. Kg2 Qf7 39. Qxa6+ Kd7 40. Qe2 e4 41. Kg1 Qf3 42. Qc2 Rf7 43. c4 Ref8 44. cxd5 Qf2+ 45. Qxf2 Rxf2 46. dxc6+ Kxc6 47. Rc1+ Kb5 48. Rb1 e3 49. a4+ Kxa4 50. b3+ Kb4 51. Re1 e2 52. Rxe2 Rxe2 53. h4 Rb2 54. h5 Ra8 55. g4 Ra1# 0-1

[Event "SVK-ch U10"]
[Site "Tatralandia"]
[Date "2024.04.06"]
[Round "2"]
[White "Simonov, Timotej"]
[Black "Jascur, Juraj"]
[Result "1-0"]
[WhiteElo "1000"]
[BlackElo "1000"]
[PlyCount "35"]
[EventDate "2024.04.05"]
[EventType "swiss"]
[EventRounds "9"]
[EventCountry "SVK"]
[SourceTitle "CBM 219 Extra"]
[Source "ChessBase"]
[SourceDate "2024.05.31"]
[SourceVersion "1"]
[SourceVersionDate "2024.05.31"]
[SourceQuality "1"]

1. d4 d5 2. Bf4 Bf5 3. e3 e6 4. Bd3 Bxd3 5. Qxd3 Qd7 6. Nf3 Nf6 7. Ne5 Qb5 8. Qxb5+ Nfd7 9. Nxd7 Nxd7 10. Nc3 c6 11. Qxb7 Rd8 12. Bc7 Bb4 13. Qxb4 Rc8 14. Qb7 Rxc7 15. Qxc7 Ke7 16. Qxa7 Rb8 17. Na4 c5 18. Nxc5 1-0